झाशीची रणचंडी. (Record no. 267510)

MARC details
000 -LEADER
fixed length control field 00604nam a2200181Ia 4500
008 - FIXED-LENGTH DATA ELEMENTS--GENERAL INFORMATION
fixed length control field 090630s9999 xx 000 0 und d
082 ## - DEWEY DECIMAL CLASSIFICATION NUMBER
Item number 15654
100 ## - MAIN ENTRY--PERSONAL NAME
Personal name भसे पोपटराव.
245 ## - TITLE STATEMENT
Title झाशीची रणचंडी.
Statement of responsibility, etc भसे पोपटराव.
260 ## - PUBLICATION, DISTRIBUTION, ETC. (IMPRINT)
Name of publisher, distributor, etc शांती - पुणे.
300 ## - PHYSICAL DESCRIPTION
Extent 0
600 ## - SUBJECT ADDED ENTRY--PERSONAL NAME
Personal name भसे पोपटराव.
630 ## - SUBJECT ADDED ENTRY--UNIFORM TITLE
Uniform title झाशीची रणचंडी.
655 ## - INDEX TERM--GENRE/FORM
Genre/form data or focus term कादंबरी.
700 ## - ADDED ENTRY--PERSONAL NAME
Personal name भसे पोपटराव.
730 ## - ADDED ENTRY--UNIFORM TITLE
Uniform title झाशीची रणचंडी.
942 ## - ADDED ENTRY ELEMENTS (KOHA)
Koha item type Book
Holdings
Withdrawn status Lost status Damaged status Not for loan Home library Current library Date acquired Cost, normal purchase price Total Checkouts Full call number Barcode Date last seen Cost, replacement price Price effective from Koha item type
        Sarvajanik Wachanalaya Shrivardhan Sarvajanik Wachanalaya Shrivardhan   300.00   15654 SAWASHRI-15654 06/30/2009 300.00 06/30/2009 Book